00698nam 2200169 45000010005000000900009000051000041000141010008000552000118000632100085001812150020002666060031002867010025003177100083003428010020004259950083004456069 a6069 a20190729k u||y0frey50 ba afre aDossier MoxbBrochurefGroupement de Scientifiques pour l'Information sur l'Énergie NucléairegMonique Sené cGroupement de Scientifiques pour l'Information sur l'Énergie Nucléaired1996 a17 p. d30 cm.  9648aNucléaire (Energie) 96973aMonique Sené 94727aGroupement de Scientifiques pour l'information sur l'Energie Nucléaire aCHbCH-002049-8 10203052026-06-1297047bARCHICcARCHICeBrochuresf7893hCATkBroch 2726o1